000 00406nam a2200145Ia 4500
008 231129s2006||||xx |||||||||||||| ||spa||
020 _a978-958-44-0001-7
040 _bspa
082 _aCo861 J37t
100 _aJaramillo Escobar Jaime
245 0 _aTres poemas ilustrados
260 _c2006
264 _aMedellí­n Colombia : Tragaluz Editores
942 _2ddc
_cBKS
999 _c25685
_d25685